Amazing trains / (Record no. 8503)

MARC details
000 -LEADER
fixed length control field 01233nam a2200373 a 4500
001 - CONTROL NUMBER
control field 8503
003 - CONTROL NUMBER IDENTIFIER
control field FISKH
005 - DATE AND TIME OF LATEST TRANSACTION
control field 20250916120550.0
008 - FIXED-LENGTH DATA ELEMENTS--GENERAL INFORMATION
fixed length control field 971202s1998 txua b 000 0 eng
010 ## - LIBRARY OF CONGRESS CONTROL NUMBER
LC control number 97220899
020 ## - INTERNATIONAL STANDARD BOOK NUMBER
International Standard Book Number 0817272658
020 ## - INTERNATIONAL STANDARD BOOK NUMBER
International Standard Book Number 9780817272654
040 ## - CATALOGING SOURCE
Original cataloging agency DLC
Transcribing agency DLC
Language of cataloging eng
042 ## - AUTHENTICATION CODE
Authentication code lcac
050 00 - LIBRARY OF CONGRESS CALL NUMBER
Classification number TF148
Item number .B26 1998
082 00 - DEWEY DECIMAL CLASSIFICATION NUMBER
Classification number 625.1
Edition number 21
100 1# - MAIN ENTRY--PERSONAL NAME
Personal name Barnes, Alan.
245 10 - TITLE STATEMENT
Title Amazing trains /
Statement of responsibility, etc. written by Alan Barnes.
260 ## - PUBLICATION, DISTRIBUTION, ETC.
Place of publication, distribution, etc. Austin :
Name of publisher, distributor, etc. Steck-Vaughn,
Date of publication, distribution, etc. 1998.
300 ## - PHYSICAL DESCRIPTION
Extent 16 pages :
Other physical details color illustrations ;
Dimensions 26 cm
336 ## - CONTENT TYPE
Content type term text
Content type code txt
Source rdacontent
337 ## - MEDIA TYPE
Media type term unmediated
Media type code n
Source rdamedia
338 ## - CARRIER TYPE
Carrier type term volume
Carrier type code nc
Source rdacarrier
440 #0 - SERIES STATEMENT/ADDED ENTRY--TITLE
Title Pair-it books
505 ## - FORMATTED CONTENTS NOTE
Formatted contents note N<br/>
520 ## - SUMMARY, ETC.
Summary, etc. Presents a short study of the history and development of trains designed for beginning readers and discusses early rail transportation and steam engines, locomotives, the transcontinental railroad, early Pullman cars, and modern bullet trains.<br/>
521 8# - TARGET AUDIENCE NOTE
Target audience note 530<br/>
Source Lexile <br/>
521 8# - TARGET AUDIENCE NOTE
Target audience note N<br/>
Source Raz-Plus<br/>
650 #0 - SUBJECT ADDED ENTRY--TOPICAL TERM
Topical term or geographic name entry element Railroads
General subdivision Juvenile literature.
650 #1 - SUBJECT ADDED ENTRY--TOPICAL TERM
Topical term or geographic name entry element Railroads.
906 ## - LOCAL DATA ELEMENT F, LDF (RLIN)
a 7
b cbc
c orignew
d 3
e ncip
f 19
g y-gencatlg
942 ## - ADDED ENTRY ELEMENTS (KOHA)
Source of classification or shelving scheme Dewey Decimal Classification
Koha item type Books
Suppress in OPAC No
Holdings
Withdrawn status Lost status Source of classification or shelving scheme Damaged status Not for loan Collection Home library Current library Shelving location Date acquired Total Checkouts Full call number Barcode Date last seen Copy number Price effective from Koha item type
    Dewey Decimal Classification     Non-Fiction Footprints International School Library Network Toul Tom Poung Campus Footprints International School Library Network Toul Tom Poung Campus TTP Primary Yellow Bookshelves 09/16/2025   BAR 625.1 TF148 .B26 FISBK06075 09/16/2025 1 09/16/2025 Books